Potential and constraints in troducing the cover crops ang green mature into the production systems សក្ដានុពល​ការ​លំបាកឬ​ការរារាំងក្នុងការនាំចូលដំណាំជីស្រស់ និង ដំណាំគំរបដីចូលក្នុងប្រព័ន្ធកសិកម្ម (Record no. 294)

000 -LEADER
fixed length control field 00740nam a22001577a 4500
003 - CONTROL NUMBER IDENTIFIER
control field OSt
005 - DATE AND TIME OF LATEST TRANSACTION
control field 20150912115917.0
008 - FIXED-LENGTH DATA ELEMENTS--GENERAL INFORMATION
fixed length control field 150912b xxu||||| |||| 00| 0 eng d
040 ## - CATALOGING SOURCE
Transcribing agency RUA
082 ## - DEWEY DECIMAL CLASSIFICATION NUMBER
Classification number AGR NEA 1997 B018 Or.1
100 ## - MAIN ENTRY--PERSONAL NAME
9 (RLIN) 313
Personal name NEANG, SOKKHIM
245 ## - TITLE STATEMENT
Title Potential and constraints in troducing the cover crops ang green mature into the production systems សក្ដានុពល​ការ​លំបាកឬ​ការរារាំងក្នុងការនាំចូលដំណាំជីស្រស់ និង ដំណាំគំរបដីចូលក្នុងប្រព័ន្ធកសិកម្ម
260 ## - PUBLICATION, DISTRIBUTION, ETC. (IMPRINT)
Place of publication, distribution, etc. Phnom Penh
Name of publisher, distributor, etc. RUA
Date of publication, distribution, etc. 1997
300 ## - PHYSICAL DESCRIPTION
Extent 83p.
Other physical details ill.
Dimensions 29cm.
942 ## - ADDED ENTRY ELEMENTS (KOHA)
Source of classification or shelving scheme
Koha item type AGR
Holdings
Price effective from Date last seen Permanent Location Not for loan Date acquired Source of classification or shelving scheme Koha item type Lost status Withdrawn status Total Renewals Date last checked out Total Checkouts Shelving location Damaged status Barcode Current Location Full call number
2015-09-122016-12-13Library Block B 2015-09-12 AGR   2016-11-271B018 RUA003337Library Block BAGR NEA 1997 B018 Or.1
2015-09-122015-09-12Library Block B 2015-09-12 AGR     B018 RUA003335Library Block BAGR NEA 1997 B018 Or.2
2015-09-122015-09-12Library Block B 2015-09-12 AGR     B018 RUA003407Library Block BAGR NEA 1997 B018 Or.3
2015-09-122015-09-12Library Block B 2015-09-12 AGR     B018 RUA003263Library Block BAGR NEA 1997 B018 Or.4
2015-09-122021-02-01Library Block B 2015-09-12 AGR   2021-01-202B018 RUA003334Library Block BAGR NEA 1997 B018 Or.5
2015-09-122019-01-29Library Block B 2015-09-12 AGR  22019-01-225B018 RUA003262Library Block BAGR NEA 1997 B018 Or.6
2015-09-122015-09-12Library Block B 2015-09-12 AGR     B018 RUA003118Library Block BAGR NEA 1997 B018 Or.7
2015-09-122015-09-12Library Block B 2015-09-12 AGR     B018 RUA003574Library Block BAGR NEA 1997 B018 Or.8
2015-09-122015-09-12Library Block B 2015-09-12 AGR     B018 RUA003261Library Block BAGR NEA 1997 B018 Or.9
2015-09-122015-09-12Library Block B 2015-09-12 AGR     B018 RUA003333Library Block BAGR NEA 1997 B018 Or.10
2015-09-272015-09-27Library Block B 2015-09-27 AGR       RUA003979Library Block BAGR NEA 1997 B018 Or.10
មជ្ឈមណ្ឌលឯការនៃសាកលវិទ្យាល័យភូមិន្ទកសិកម្មចំការដូង

Powered by Koha